000 00503nmm a2200157Ia 4500
008 251105s9999||||xx |||||||||||||||||und||
020 _a9788431501709
041 _aspa
100 _aInfante Lope, Julia
245 0 _aCódigo completo de las comunidades de propietarios
264 _a[Madrid, España] :
_bDe Vecchi,
_c[Fecha de publicación no identificada]
300 _a0 páginas
650 _aNorth American narrative
856 _uhttps://public.digitaliapublishing.com/a/122868
942 _cCF
999 _c80917
_d80917